[Event "Natal Potiguar op 4th"]
[Site "Natal"]
[Date "2009.07.12"]
[Round "5"]
[White "Silva, Alesandro Lira"]
[Black "Silveira Filho, Neri da Silva"]
[Result "0-1"]
[WhiteElo "2013"]
[BlackElo "2273"]
[PlyCount "88"]
[EventDate "2009.07.10"]
[EventType "swiss"]
[EventRounds "6"]
[EventCountry "BRA"]
[SourceTitle "EXT 2012"]
[Source "ChessBase"]
[SourceDate "2011.11.24"]
[SourceVersion "1"]
[SourceVersionDate "2011.11.24"]
[SourceQuality "1"]

1. e4 c5 2. Nf3 d6 3. c4 Nf6 4. Nc3 g6 5. d4 cxd4 6. Nxd4 Bg7 7. Be2 Nc6 8. Be3 Bd7 9. 0-0 0-0 10. f3 Qa5 11. Qd2 Rfc8 12. Nxc6 bxc6 13. Rfd1 c5 14. Bg5 Rab8 15. b3 h6 16. Be3 Ng4 17. Nd5 Qxd2 18. Bxd2 Bd4+ 19. Kf1 Nxh2+ 20. Ke1 Re8 21. Bf4 Bxa1 22. Rxa1 Nxf3+ 23. gxf3 Kh7 24. Bxd6 exd6 25. Nf6+ Kg7 26. Nxe8+ Bxe8 27. Rd1 Rb6 28. e5 dxe5 29. Rd5 Rc6 30. Rxe5 Bd7 31. Kd2 Kf6 32. f4 g5 33. Bf3 Rc7 34. Be4 gxf4 35. Rh5 Bg4 36. Rxh6+ Ke5 37. Bd5 Kd4 38. Rf6 Ke5 39. Ra6 Be6 40. Bf3 Rd7+ 41. Kc3 Bf5 42. Bd5 Rxd5 43. cxd5 f3 44. Rh6 f2 0-1

[Event "Natal Potiguar op 4th"]
[Site "Natal"]
[Date "2009.07.11"]
[Round "4"]
[White "Leal Assuncao, Matheus"]
[Black "Silva, Alesandro Lira"]
[Result "0-1"]
[WhiteElo "1881"]
[BlackElo "2013"]
[PlyCount "114"]
[EventDate "2009.07.10"]
[EventType "swiss"]
[EventRounds "6"]
[EventCountry "BRA"]
[SourceTitle "EXT 2012"]
[Source "ChessBase"]
[SourceDate "2011.11.24"]
[SourceVersion "1"]
[SourceVersionDate "2011.11.24"]
[SourceQuality "1"]

1. e4 e5 2. Nf3 Nc6 3. Bb5 a6 4. Ba4 Nf6 5. 0-0 Nxe4 6. d4 b5 7. Bb3 d5 8. dxe5 Be6 9. c3 Be7 10. a4 Na5 11. Bc2 0-0 12. Qe2 c6 13. Nbd2 Nxd2 14. Nxd2 Nc4 15. b3 Nxd2 16. Bxd2 Qd7 17. Be3 Bf5 18. f4 f6 19. Bd4 Rfe8 20. Rae1 c5 21. e6 Bxe6 22. Qxe6+ Qxe6 23. Rxe6 cxd4 24. cxd4 Bb4 25. Rxe8+ Rxe8 26. axb5 axb5 27. Bd3 Rc8 28. Rf3 Bd2 29. Kf2 b4 30. Bf5 Re8 31. g3 Bc3 32. Rd3 Kf7 33. Kf3 g6 34. Bd7 Rd8 35. Bc6 Rd6 36. Ba4 f5 37. h3 Kf6 38. g4 h6 39. Bb5 fxg4+ 40. hxg4 h5 41. gxh5 gxh5 42. Be8 h4 43. Rd1 Re6 44. Bd7 Re4 45. Rd3 Ke7 46. Bf5 Rxd4 47. Rxd4 Bxd4 48. Bd3 Kd6 49. Bf5 Kc5 50. Be6 Bf6 51. Ke3 Bg7 52. Bg4 Bb2 53. f5 Kd6 54. Bf3 Ke5 55. Bg4 Bc1+ 56. Kf2 Bg5 57. Bf3 d4 0-1

[Event "Potiguar-ch"]
[Site "Natal"]
[Date "2008.09.08"]
[Round "11.2"]
[White "Macedo, Alexandre Soares"]
[Black "Silva, Alesandro Lira"]
[Result "0-1"]
[WhiteElo "2052"]
[BlackElo "2007"]
[PlyCount "35"]
[EventDate "2008.08.29"]
[EventType "tourn"]
[EventRounds "10"]
[EventCountry "BRA"]
[SourceTitle "EXT 2022"]
[Source "ChessBase"]
[SourceDate "2021.10.06"]
[SourceVersion "1"]
[SourceVersionDate "2021.10.06"]
[SourceQuality "1"]

1. b4 e6 2. Bb2 Nf6 3. a3 b6 4. g3 Bb7 5. Nf3 c5 6. b5 d5 7. Bg2 Nbd7 8. d3 Bd6 9. Nbd2 0-0 10. a4 Re8 11. 0-0 e5 12. e4 dxe4 13. Ng5 Qc7 14. Ngxe4 Nxe4 15. Nxe4 Bf8 16. Qf3 Rad8 17. Rfe1 c4 18. c3 0-1

[Event "Potiguar-ch"]
[Site "Natal"]
[Date "2008.08.31"]
[Round "3.2"]
[White "Silva, Alesandro Lira"]
[Black "Da Costa, Jose Artanael Campo"]
[Result "0-1"]
[WhiteElo "2007"]
[BlackElo "1997"]
[PlyCount "40"]
[EventDate "2008.08.29"]
[EventType "tourn"]
[EventRounds "10"]
[EventCountry "BRA"]
[SourceTitle "EXT 2022"]
[Source "ChessBase"]
[SourceDate "2021.10.06"]
[SourceVersion "1"]
[SourceVersionDate "2021.10.06"]
[SourceQuality "1"]

1. e4 e5 2. f4 Bc5 3. Nf3 d6 4. d4 exd4 5. Nxd4 Qf6 6. Be3 Ne7 7. Bc4 Nbc6 8. c3 a6 9. Nc2 Bxe3 10. Nxe3 Qxf4 11. Qf3 Qxf3 12. gxf3 Ne5 13. Nd2 Nxc4 14. Nexc4 Ng6 15. 0-0-0 Nf4 16. Kc2 Ne6 17. Rhg1 a5 18. a4 Bd7 19. Ne3 Bxa4+ 20. b3 Bd7 0-1

[Event "Potiguar-ch"]
[Site "Natal"]
[Date "2008.08.31"]
[Round "4.4"]
[White "Silveira Filho, Neri da Silva"]
[Black "Silva, Alesandro Lira"]
[Result "1-0"]
[WhiteElo "2266"]
[BlackElo "2007"]
[PlyCount "39"]
[EventDate "2008.08.29"]
[EventType "tourn"]
[EventRounds "10"]
[EventCountry "BRA"]
[SourceTitle "EXT 2022"]
[Source "ChessBase"]
[SourceDate "2021.10.06"]
[SourceVersion "1"]
[SourceVersionDate "2021.10.06"]
[SourceQuality "1"]

1. c4 Nf6 2. Nc3 d5 3. cxd5 Nxd5 4. g3 Nxc3 5. bxc3 Qd5 6. Nf3 e5 7. Bg2 Nc6 8. 0-0 Qa5 9. d4 e4 10. Ng5 Qxc3 11. Be3 f5 12. d5 Nd8 13. Rc1 Qa5 14. Qd4 Nf7 15. Nxf7 Kxf7 16. f3 exf3 17. Bxf3 Be7 18. Bh5+ Kf8 19. Qe5 c6 20. Bh6 1-0

[Event "Potiguar-ch"]
[Site "Natal"]
[Date "2008.08.29"]
[Round "1.3"]
[White "Silva, Alesandro Lira"]
[Black "Macedo, Maximo Iack Miranda"]
[Result "0-1"]
[WhiteElo "2007"]
[BlackElo "2258"]
[PlyCount "52"]
[EventDate "2008.08.29"]
[EventType "tourn"]
[EventRounds "10"]
[EventCountry "BRA"]
[SourceTitle "EXT 2022"]
[Source "ChessBase"]
[SourceDate "2021.10.06"]
[SourceVersion "1"]
[SourceVersionDate "2021.10.06"]
[SourceQuality "1"]

1. e4 Nf6 2. e5 Nd5 3. c4 Nb6 4. d4 d6 5. f4 dxe5 6. fxe5 Nc6 7. Nf3 Bg4 8. Be3 e6 9. a3 Bxf3 10. gxf3 Qd7 11. Nc3 0-0-0 12. c5 Nd5 13. Bf2 f6 14. exf6 gxf6 15. Bb5 Bh6 16. Nxd5 Qxd5 17. Bxc6 Qxc6 18. Qe2 e5 19. 0-0 exd4 20. Qd3 Qxc5 21. Rad1 Be3 22. Kh1 f5 23. Bh4 Rd7 24. Rfe1 f4 25. b4 Qh5 26. Rxe3 fxe3 0-1

[Event "TR Nordestao"]
[Site "Macaiba"]
[Date "2007.09.08"]
[Round "5.12"]
[White "Sa Francisco, Caninde"]
[Black "Silva, Alesandro Lira"]
[Result "0-1"]
[WhiteElo "1745"]
[BlackElo "2002"]
[PlyCount "58"]
[EventDate "2007.09.06"]
[EventType "swiss"]
[EventRounds "7"]
[EventCountry "BRA"]
[SourceTitle "EXT 2022"]
[Source "ChessBase"]
[SourceDate "2021.10.06"]
[SourceVersion "1"]
[SourceVersionDate "2021.10.06"]
[SourceQuality "1"]

1. e4 e5 2. Nf3 Nc6 3. Bc4 Bc5 4. 0-0 Nf6 5. Qe2 d6 6. h3 Bd7 7. c3 0-0 8. d4 exd4 9. b4 Bb6 10. b5 Ne5 11. Nxd4 Nxc4 12. Qxc4 Nxe4 13. a4 a5 14. Nb3 Nc5 15. Nd4 Be6 16. Qe2 Qf6 17. Be3 Qg6 18. f4 Bf5 19. Nd2 Bd3 20. Qf3 Bxf1 21. Rxf1 Qd3 22. f5 Rae8 23. Re1 Nd7 24. Nf1 Qxc3 25. Rc1 Rxe3 26. Qxe3 Qxe3+ 27. Nxe3 Bxd4 28. Kf2 Re8 29. Re1 Rxe3 0-1

[Event "BRA-ch sf2"]
[Site "Vitoria"]
[Date "2002.11.??"]
[Round "6"]
[White "Silva, Alesandro Lira"]
[Black "Bittencourt, Jorge Humberto M"]
[Result "0-1"]
[WhiteElo "2071"]
[BlackElo "2306"]
[PlyCount "58"]
[EventDate "2002.11.??"]
[EventType "swiss"]
[EventRounds "7"]
[EventCountry "BRA"]
[SourceTitle "EXT 2006"]
[Source "ChessBase"]
[SourceDate "2005.11.24"]
[SourceVersion "1"]
[SourceVersionDate "2005.11.24"]
[SourceQuality "1"]

1. f4 d5 2. b3 Nf6 3. Bb2 e6 4. Nf3 Be7 5. e3 c5 6. Be2 Nc6 7. 0-0 0-0 8. d3 b5 9. Ne5 Bb7 10. Bf3 Nxe5 11. fxe5 Nd7 12. c4 bxc4 13. dxc4 Qc7 14. cxd5 Nxe5 15. e4 Bf6 16. Nc3 Nxf3+ 17. Rxf3 Bd4+ 18. Kh1 Qe5 19. Rd3 Rad8 20. Qc2 f5 21. Rxd4 cxd4 22. Nb5 fxe4 23. Nxd4 Qxd5 24. Qc7 e5 25. Ne2 e3 26. Rg1 Rf1 27. Qxd8+ Qxd8 28. Rxf1 Qd2 29. Ba3 h6 0-1

[Event "BRA sf"]
[Site "Brazil"]
[Date "2001.??.??"]
[Round "?"]
[White "Campelo, Leandro Fabricio"]
[Black "Silva, Alesandro Lira"]
[Result "1-0"]
[WhiteElo "2205"]
[BlackElo "2067"]
[PlyCount "65"]
[EventDate "2001.??.??"]
[EventType "swiss"]
[EventRounds "9"]
[EventCountry "BRA"]
[SourceTitle "EXT 2003"]
[Source "ChessBase"]
[SourceDate "2002.11.25"]
[SourceVersion "1"]
[SourceVersionDate "2002.11.25"]
[SourceQuality "1"]

1. e4 c5 2. Nf3 d6 3. d4 cxd4 4. Nxd4 Nf6 5. Nc3 g6 6. Be3 Bg7 7. f3 Nc6 8. Bc4 0-0 9. Qd2 Bd7 10. 0-0-0 Ne5 11. Bb3 Qa5 12. h4 Rfc8 13. g4 Nc4 14. Bxc4 Rxc4 15. Nb3 Qa6 16. e5 Ne8 17. Nc5 Qc6 18. Nxd7 Qxd7 19. f4 Rac8 20. h5 Rxc3 21. bxc3 Qa4 22. Bd4 dxe5 23. fxe5 Qxa2 24. Qf4 Nc7 25. hxg6 fxg6 26. g5 Nb5 27. Qh4 h5 28. gxh6 Na3 29. Qe4 Bh8 30. h7+ Kf8 31. Rhf1+ Ke8 32. Qxg6+ Kd7 33. Bb6+ 1-0

[Event "BRA sf"]
[Site "Brazil"]
[Date "2001.??.??"]
[Round "?"]
[White "Silva, Alesandro Lira"]
[Black "Machado Ribeiro, Andre Luiz"]
[Result "1-0"]
[WhiteElo "2067"]
[BlackElo "2143"]
[PlyCount "101"]
[EventDate "2001.??.??"]
[EventType "swiss"]
[EventRounds "9"]
[EventCountry "BRA"]
[SourceTitle "EXT 2003"]
[Source "ChessBase"]
[SourceDate "2002.11.25"]
[SourceVersion "1"]
[SourceVersionDate "2002.11.25"]
[SourceQuality "1"]

1. e4 e5 2. f4 d5 3. exd5 e4 4. d3 Nf6 5. dxe4 Nxe4 6. Nf3 Bc5 7. Qe2 Bf2+ 8. Kd1 Qxd5+ 9. Nfd2 Bg4 10. Qxg4 0-0 11. Bd3 Nf6 12. Qf3 Qxf3+ 13. Nxf3 Nc6 14. a3 Rad8 15. Nc3 Na5 16. Ne5 c5 17. b4 Bd4 18. bxa5 Bxc3 19. Rb1 Bxe5 20. fxe5 Ne4 21. Ke1 Nc3 22. Rb3 Na4 23. Bb5 Rd4 24. c4 a6 25. Bxa4 Rxc4 26. Bb2 Rxa4 27. Rxb7 Rxa5 28. Kd2 c4 29. Rc7 c3+ 30. Rxc3 Rxe5 31. Rd1 Rb8 32. Rc8+ Rxc8 33. Bxe5 f6 34. Bc3 Rc4 35. Kc2 Rc6 36. Rd7 h6 37. Kb3 Re6 38. Ka4 Re2 39. Rd2 Re6 40. Bb4 Kf7 41. Rd7+ Kg8 42. Ka5 h5 43. Rd6 Re2 44. Rd2 Re6 45. Bd6 Kf7 46. Kxa6 g5 47. a4 Ke8 48. Kb7 Re3 49. Bc5 Re5 50. Bb6 Re7+ 51. Bc7 1-0

[Event "BRA sf"]
[Site "Brazil"]
[Date "2001.??.??"]
[Round "?"]
[White "Souza Filho, Namyr Carlos"]
[Black "Silva, Alesandro Lira"]
[Result "1/2-1/2"]
[WhiteElo "2114"]
[BlackElo "2067"]
[PlyCount "97"]
[EventDate "2001.??.??"]
[EventType "swiss"]
[EventRounds "9"]
[EventCountry "BRA"]
[SourceTitle "EXT 2003"]
[Source "ChessBase"]
[SourceDate "2002.11.25"]
[SourceVersion "1"]
[SourceVersionDate "2002.11.25"]
[SourceQuality "1"]

1. Nf3 c5 2. c4 Nf6 3. Nc3 Nc6 4. d4 cxd4 5. Nxd4 g6 6. e4 d6 7. Be2 Bg7 8. Nc2 0-0 9. 0-0 Be6 10. f3 Ne5 11. b3 Ne8 12. Qd2 h5 13. Kh1 Qd7 14. Bb2 Rc8 15. Nd4 Nc6 16. Nd5 Bxd5 17. exd5 Nxd4 18. Bxd4 h4 19. Bxg7 Nxg7 20. Bd3 Nh5 21. Rae1 Kg7 22. Qe3 Rce8 23. Qd4+ Nf6 24. Qxh4 Rh8 25. Qd4 Qc7 26. Re2 e5 27. dxe6 fxe6 28. Kg1 e5 29. Qxa7 d5 30. g3 d4 31. Qa3 Rh3 32. Qc1 Reh8 33. Qg5 R8h6 34. Rff2 R3h5 35. Qd2 Rh3 36. Rg2 Qd6 37. b4 b6 38. a4 Nd7 39. Be4 Rh8 40. Rgf2 Rc8 41. Bd3 Rhh8 42. f4 e4 43. Rxe4 Nf6 44. Re5 Ng4 45. Rg5 Nxf2 46. Rxg6+ Qxg6 47. Bxg6 Nh3+ 48. Kg2 Kxg6 49. Qxd4 1/2-1/2